Nhập môn sử học
Khái lược về "Nhập môn sử học". Sơ lược về lịch sử phát triển của khoa học lịch sử. Một số quan điểm cơ bản của chủ nghĩa Mác-Lênin và tư tưởng Hồ Chí Minh được vận dụng vào nghiên cứu, học tập lịch sử. Giới thiệu phương pháp học tập và nghiên cứu khoa học của sinh viên trường Cao đẳng Sư...
Na minha lista:
| Outros Autores: | , , , |
|---|---|
| Formato: | Livro |
| Idioma: | Vietnamese |
| Publicado em: |
H.
Đại học Sư phạm
2011
|
| Assuntos: | |
| Tags: |
Adicionar Tag
Sem tags, seja o primeiro a adicionar uma tag!
|
| Thư viện lưu trữ: | Mạng thư viện Đại học Đà Nẵng |
|---|
| LEADER | 01781aam a22004218a 4500 | ||
|---|---|---|---|
| 001 | 000019862 | ||
| 003 | 16303 | ||
| 005 | 20141128081131.0 | ||
| 008 | 141117s2011 viesd | ||
| 020 | |c 38000đ |d 850b | ||
| 041 | |a vie | ||
| 082 | 1 | 4 | |2 14 |a 907 |b Nhâ |
| 084 | |a P3z73 |b NH123M | ||
| 245 | 0 | 0 | |a Nhập môn sử học |c Phan Ngọc Liên (ch.b.), Trịnh Đình Tùng, Trần Đức Minh, Tạ Ngọc Minh |
| 260 | |a H. |b Đại học Sư phạm |c 2011 | ||
| 300 | |a 222 tr. |c 24 cm. | ||
| 504 | |a Thư mục cuối mỗi chương | ||
| 520 | 3 | |a Khái lược về "Nhập môn sử học". Sơ lược về lịch sử phát triển của khoa học lịch sử. Một số quan điểm cơ bản của chủ nghĩa Mác-Lênin và tư tưởng Hồ Chí Minh được vận dụng vào nghiên cứu, học tập lịch sử. Giới thiệu phương pháp học tập và nghiên cứu khoa học của sinh viên trường Cao đẳng Sư phạm | |
| 650 | 0 | 4 | |2 Bộ TK TVQG |a Sử học |x Phương pháp học |
| 650 | 7 | |2 Bộ TK TVQG | |
| 650 | 7 | |2 Bộ TK TVQG | |
| 653 | |a Phương pháp học | ||
| 653 | |a Lịch sử | ||
| 655 | 7 | |2 Bộ TK TVQG |a Giáo trình | |
| 700 | 1 | |a Phan Ngọc Liên |e ch.b. | |
| 700 | 1 | |a Trần Đức Minh | |
| 700 | 1 | |a Tạ Ngọc Minh | |
| 700 | 1 | |a Trịnh Đình Tùng | |
| OWN | |a LSP | ||
| AVA | |a UDN50 |b LSP |d 907 Nhâ |e check_holdings |t Error 5003 Not defined in file expand_doc_bib_avail. |h N |k 1 | ||
| 999 | |a From the UDN01 | ||
| AVA | |a UDN50 |b LSP |d 907 Nhâ |e available |t Error 5001 Not defined in file expand_doc_bib_avail. |f 20 |g 2 |h N |i 35 |k 1 | ||
| TYP | |a Monograph | ||
| TYP | |a Printed language | ||
| 980 | |a Mạng thư viện Đại học Đà Nẵng | ||